| 000 | 00313nam a2200109Ia 4500 | ||
|---|---|---|---|
| 008 | 190216s9999||||xx |||||||||||||| ||und|| | ||
| 100 | _aRichard M Lynch&Amp;Robert W Williamson | ||
| 245 | 0 | _aAccounting For Management Planning And Control | |
| 260 |
_bAllied Publishers Limited _c1978 |
||
| 300 | _a501p | ||
| 942 | _cBK | ||
| 999 |
_c4297 _d4297 |
||